000
00230nam a22000857a 4500
999
_c
11076
_d
11076
008
180824b ||||| |||| 00| 0 eng d
100
_a
Agarwal Archana
_9
6854
245
_a
Informatics Practices
260
_a
New Delhi
_b
Sultan Chand
_c
2018